000 00339nam a2200145Ia 4500
008 230718s9999 xx 000 0 und d
041 _aEng.
082 _a342.5
_bACT-T
100 _aActasthi S.K
245 4 _aThe constitution of India
260 _aPakistan
_bDewiedi law House
_c2010
300 _a1312
650 _aLaw
999 _c29960
_d29960